| 000 | 00389nam a2200145Ia 4500 | ||
|---|---|---|---|
| 008 | 240624s9999 xx 000 0 und d | ||
| 041 | _aeng | ||
| 082 | _a659.1 SEM | ||
| 100 | _aSEMENIK RICHARD J | ||
| 245 | _aADVERTISING AND PROMOTIONS AN INTEGRATED | ||
| 250 | _a(6th ed.) | ||
| 260 |
_c2014 _aNew Delhi _bCengage Learning |
||
| 300 | _axxxvi, : 710 : p. : cm. ; 26 | ||
| 365 |
_cRS _b31 |
||
| 999 |
_c25511 _d25511 |
||